000 00855nam a2200229Ii 4500
003 JO-AjNU
008 230605s9999||||xx |||||||||||||| ||und||
017 _a2009/8/3516
020 _a9957-16-557-4
040 _aJO-AjNU
_bara
_erda
_cJO-AjNU
041 _aara
050 1 4 _aK564.C6.Z82.2010
100 3 _a الزعبي ، جلال محمد ، المناعسة ، أسامة أحمد ,
_eauthor
_925026
245 0 0 _aجرائم تقنية نظم المعلومات الإلكترونية " دراسة مقارنة "
250 _aط1
264 3 1 _aعمان : دار الثقافة ، 2010
300 _a336ص
336 _atext
_btxt
_2rdacontent
337 _aunmediated
_bn
_2rdamedia
338 _avolume
_bnc
_2rdacarrier
650 4 _aالجرائم الاقتصادية -- الجريمة -- علم الجرائم -- الحواسيب
_925027
999 _aA9307
_c12875
_d12875